00425nam a2200145Ia 4500008004100000041000900041082001700050100002100067245002100088260004300109300000800152650000800160999001700168952009400185230718s9999 xx 000 0 und d aEng. a348.5bKHO-C akHOkkar Muhammad 0aCivil Law Digest aPakistanbCorporate law decisionc2013 a229 aLaw c30502d30502 00104070aSIRC-LbSIRC-Ld2023-07-18l0o348.5 KHO-Cp25453r2023-07-18w2023-07-18yBK